Financial management in education in South Africa (Record no. 123124)

MARC details
000 -LEADER
fixed length control field 00310nam a2200097Ia 4500
082 ## - DEWEY DECIMAL CLASSIFICATION NUMBER
Classification number 379.110968 ROOY
008 - FIXED-LENGTH DATA ELEMENTS--GENERAL INFORMATION
fixed length control field 210817s9999 xx 000 0 und d
100 ## - MAIN ENTRY--PERSONAL NAME
Personal name Van Rooyen, J.W. (Jean) Pretoria (South Africa), 2012
9 (RLIN) 33828
245 #0 - TITLE STATEMENT
Title Financial management in education in South Africa
942 ## - ADDED ENTRY ELEMENTS
item type Books
Holdings
Withdrawn status Lost status Damaged status Not for loan Home library Current library Date acquired Cost, normal purchase price Total Checkouts Barcode Date last seen Price effective from item type
        Emakhazeni Main PL (MMID-PLEMA) Emakhazeni Main PL (MMID-PLEMA) 17.08.2021 179.00   3322810014039 17.08.2021 17.08.2021 Books